000 00583nam a22001937a 4500
003 0
005 20250103102508.0
008 250103b xxu||||| |||| 00| 0 eng d
020 _a9781984688637
050 _aQA 303.2
_b.D53 2024
100 _aDias, Diana
_eauthor.
245 _aCore concepts in mathematics :
_bcalculus /
_cDiana Dias.
250 _a2nd ed.
260 _aNew York, NY :
_b3G E-Learning LLC,
_c2024.
300 _ax, 252 p. :
_bcol. ill. ;
_c26 cm.
504 _aIncludes bibliographical references and index.
650 _aCalculus
_vtextbooks.
942 _2lcc
_cBK
999 _c366852
_d366852